मध्यकालीन साहित्य विमर्श / (Record no. 367857)

MARC details
000 -LEADER
fixed length control field 00789nam a2200229Ia 4500
003 - CONTROL NUMBER IDENTIFIER
control field OSt
005 - DATE AND TIME OF LATEST TRANSACTION
control field 20251015110649.0
008 - FIXED-LENGTH DATA ELEMENTS--GENERAL INFORMATION
fixed length control field 220922b |||||||| |||| 00| 0 hin d
037 ## - SOURCE OF ACQUISITION
Terms of availability Textual
040 ## - CATALOGING SOURCE
Original cataloging agency ARTS
Transcribing agency ARTS
Language of cataloging hin
041 ## - LANGUAGE CODE
Source of code hin
Language code of text/sound track or separate title hin
084 ## - COLON CLASSIFICATION NUMBER
Classification number O152,1:g(/\25), P4
245 #0 - TITLE STATEMENT
Title मध्यकालीन साहित्य विमर्श /
246 ## - VARYING FORM OF TITLE
Title proper/short title Madhyakālīn sāhitya vimarsha
260 ## - PUBLICATION, DISTRIBUTION, ETC.
Place of publication, distribution, etc. कोलकाता:
Name of publisher, distributor, etc. आनन्द प्रकाशन,
Date of publication, distribution, etc. 2004.
300 ## - PHYSICAL DESCRIPTION
Extent 461 पृ.
700 ## - ADDED ENTRY--PERSONAL NAME
Personal name सिंह, सुधा
Relator term (संपादक)
9 (RLIN) 848342
942 ## - ADDED ENTRY ELEMENTS (KOHA)
Classification part O152,1:g(/\25), P4
Koha item type Textual
Source of classification or shelving scheme Colon Classification (CC)
Suppress in OPAC No
Holdings
Withdrawn status Lost status Damaged status Not for loan Home library Current library Date acquired Total Checkouts Full call number Barcode Date last seen Price effective from Koha item type Source of acquisition Cost, normal purchase price Cost, replacement price Date last checked out
        Arts Library Arts Library 2022-09-23   O152,1:g(/\25) P4 AL1343717 2022-09-23 2022-09-23 Textual        
        Arts Library Arts Library 2022-09-23   O152,1:g P4 AL1293703 2022-09-23 2022-09-23 Textual 454, 21/03/2009, Vani Prakashan 500.00 500.00  
        Arts Library Arts Library 2022-09-23 2 O152,1:g P4 AL1344975 2025-11-19 2022-09-23 Textual 454, 21/03/2009, Vani Prakashan 500.00 500.00 2025-11-07
Copyright @ Delhi University Library System